La prehistoria reciente del area metropolitana y del norte de la pcia. de buenos aires /

Guardado en:
Autor Principal: Austral, Antonio G.
Formato: Libro
Publicado: Buenos Aires : Cong.internacional De Historia De America.acad.nac. De Hist., 1982
Series:Sep. Del Congres., 6, V.3
Materias:
Etiquetas: Agregar Etiqueta
Sin Etiquetas, Sea el primero en etiquetar este registro!
LEADER 00607nam a22001695a 4500
001 EHU.bham004174
003 AR-BHAM
005 20070306173705.0
008 130507s1982##################000#0#####d
082 5 7 |a 571 
100 1 |a Austral, Antonio G. 
245 1 0 |a La prehistoria reciente del area metropolitana y del norte de la pcia. de buenos aires /  |c Antonio G. Austral. 
260 |a Buenos Aires :  |b Cong.internacional De Historia De America.acad.nac. De Hist.,  |c 1982 
300 |a 7 p. 
490 0 |a Sep. Del Congres., 6, V.3 
653 |a Arqueologia 
859 |a AR-BHAM  |b BIB. HUMANIDADES - General  |h 571  |i Au78-3  |p 114.84  |t Ej.1